000
00292nam a2200133Ia 4500
100
_a
Khanna/O.P
942
_c
BK
654
_a
Industrial Engg
245
_a
Industrial Engg. & Management
260
_b
Dhanpat Rai & Sons
_a
Delhi
_c
1986
082
_a
658
300
_a
784
546
_a
ENGLISH
999
_c
22203
_d
22203